Para qué me educo: guía del estudiante secundario

محفوظ في:
التفاصيل البيبلوغرافية
المؤلف الرئيسي: Salas Silva, Enrique (مؤلف)
التنسيق: كتاب
اللغة:الإسبانية
منشور في: Santiago Imprenta Quevedo 1942
الموضوعات:
الوسوم: إضافة وسم
لا توجد وسوم, كن أول من يضع وسما على هذه التسجيلة!

MARC

LEADER 00000nam a2200000 a 4500
001 UCW7436
003 CL-VaPUC
005 20231108163308.0
008 921211e19420000CL |||||||||||||||||spa|d
999 |c 220190  |d 220188 
040 |c Pontificia Universidad Católica de Valparaíso 
082 0 4 |a 373  |b SAL  |2 21 
100 0 |a Salas Silva, Enrique  |e author  |9 312581 
245 1 0 |a Para qué me educo: guía del estudiante secundario 
260 |a Santiago  |b Imprenta Quevedo  |c 1942 
300 |a 218 p 
583 |a last modification  |c 20170727 03:41:43  |k Rodrigo Vera 
650 0 |a Educación media  |9 499610 
651 7 |a CHILE  |2 CL-VaPUC  |9 312582 
942 |c BK  |2 ddc 
945 |d 19921211 00:00:00 
952 |0 0  |1 0  |4 0  |6 373_000000000000000_SAL_1942  |7 0  |8 P  |9 212099  |a BIBEDU  |b BIBEDU  |c BIBEDU_PB  |d 2019-11-15  |i 2803410  |o 373 SAL 1942  |p 2803410  |r 2024-01-25  |w 2019-11-15  |y BK  |k EDU